Los dos Chiles: controversias del voto voluntario e inscripción automática: los que no votaron y quienes decidieron ir por ellos
Saved in:
| Main Authors: | , , |
|---|---|
| Format: | Bog |
| Sprog: | spansk |
| Udgivet: |
Santiago
Catalonia
2015
|
| Udgivelse: | 1a. ed |
| Fag: | |
| Tags: |
Tilføj Tag
Ingen Tags, Vær først til at tagge denne postø!
|
MARC
| LEADER | 00000cam a2200000 a 4500 | ||
|---|---|---|---|
| 001 | UCD2829 | ||
| 003 | CL-VaPUC | ||
| 008 | 160512e20150900cl |||||||||||||||||spa|d | ||
| 020 | |a 9789563243857 | ||
| 082 | 0 | 4 | |a 320.983 |b HUN |2 21 |
| 100 | |a Huneeus, Cristóbal |e author |9 586191 | ||
| 700 | 0 | |a Lagos Cruz-Coke, Marta |e author |9 586192 | |
| 700 | 0 | |a Díaz, Antonio |e author |9 586193 | |
| 245 | 1 | 4 | |a Los dos Chiles: controversias del voto voluntario e inscripción automática: los que no votaron y quienes decidieron ir por ellos |
| 250 | |a 1a. ed | ||
| 300 | |a 252 p | ||
| 942 | |c BK | ||
| 945 | |d 20160512 21:36:00 |a arojas | ||
| 260 | |a Santiago |b Catalonia |c 2015 | ||
| 650 | 0 | |a Política y gobierno |9 255151 | |
| 650 | 0 | |a Democratización |9 316630 | |
| 651 | 7 | |a CHILE |2 CL-VaPUC |9 586194 | |
| 583 | |a last modification |c 20160512 21:36:00 |k Rodrigo Vera | ||
| 999 | |c 363940 |d 363938 | ||
| 952 | |0 0 |1 0 |3 erb |4 0 |6 320_983000000000000_HUN_2015 |7 0 |8 A |9 476810 |a BIBHIS |b BIBHIS |i 5285232 |o 320.983 HUN 2015 |p 5285232 |r 2025-01-20 |w 2019-11-24 |y BK |z Catalogado en:20160512 |k HIS | ||